ABODE OF LOVE (Record no. 6902)
[ view plain ]
| 000 -LEADER | |
|---|---|
| fixed length control field | 00575nam a22001457a 4500 |
| 020 ## - INTERNATIONAL STANDARD BOOK NUMBER | |
| ISBN | 978-93-50-64-2362 |
| 082 ## - DEWEY DECIMAL CLASSIFICATION NUMBER | |
| Classification number | 823 |
| Item number | MOD/A |
| 100 ## - MAIN ENTRY--AUTHOR NAME | |
| Personal name | MODI NARENDRA |
| 245 ## - TITLE STATEMENT | |
| Title | ABODE OF LOVE |
| 260 ## - PUBLICATION, DISTRIBUTION, ETC. (IMPRINT) | |
| Place of publication | DELHI |
| Name of publisher | RAJPAL & SONS |
| Year of publication | 2014 |
| 300 ## - PHYSICAL DESCRIPTION | |
| Number of Pages | 135 |
| 520 ## - SUMMARY, ETC. | |
| Summary, etc | These stories were written during 19751977 when Emergency had been imposed in the country, Rashrriya Sevak Sangh, for which Narendra Mocli worked with, was banned and consequently he had to go underground. Several times he changed disguises to avoid being recognized and arrested. |
| 650 ## - SUBJECT ADDED ENTRY--TOPICAL TERM | |
| Topical Term | STORY |
| 942 ## - ADDED ENTRY ELEMENTS (KOHA) | |
| Koha item type | Books |
| Withdrawn status | Lost status | Collection code | Home library | Current library | Shelving location | Date acquired | Source of acquisition | Cost, normal purchase price | Full call number | Accession Number | Koha item type |
|---|---|---|---|---|---|---|---|---|---|---|---|
| Fiction | Main Library | Main Library | NEW SHELF WITH NEW ENTRY | 26/10/2026 | Purchase | 165.00 | 823 MOD/A | 13288 | Books |